Polarized light (Record no. 14835)

MARC details
000 -LEADER
fixed length control field 00626nam a2200229Ia 4500
003 - CONTROL NUMBER IDENTIFIER
control field IN-BaIIA
008 - FIXED-LENGTH DATA ELEMENTS--GENERAL INFORMATION
fixed length control field 211028s9999 xx 000 0 eng d
020 ## - INTERNATIONAL STANDARD BOOK NUMBER
International Standard Book Number 0-8247-8729-3
040 ## - CATALOGING SOURCE
Transcribing agency IIA Library
080 ## - UNIVERSAL DECIMAL CLASSIFICATION NUMBER
Universal Decimal Classification number 535.5
Item number COL
100 ## - MAIN ENTRY--PERSONAL NAME
Personal name Collett, E
9 (RLIN) 26724
245 #0 - TITLE STATEMENT
Title Polarized light
Remainder of title fundamentals and applications
Statement of responsibility, etc. E. Collett
260 ## - PUBLICATION, DISTRIBUTION, ETC.
Place of publication, distribution, etc. New York
Name of publisher, distributor, etc. Marcel Dekker
Date of publication, distribution, etc. 1992
300 ## - PHYSICAL DESCRIPTION
Extent xvii, 581p.
490 ## - SERIES STATEMENT
Series statement Optical enginnering
650 ## - SUBJECT ADDED ENTRY--TOPICAL TERM
Topical term or geographic name entry element Classical optics
9 (RLIN) 26725
650 ## - SUBJECT ADDED ENTRY--TOPICAL TERM
Topical term or geographic name entry element Crystal optics
9 (RLIN) 6387
650 ## - SUBJECT ADDED ENTRY--TOPICAL TERM
Topical term or geographic name entry element Light
9 (RLIN) 2428
650 ## - SUBJECT ADDED ENTRY--TOPICAL TERM
Topical term or geographic name entry element Polarization
9 (RLIN) 5652
650 ## - SUBJECT ADDED ENTRY--TOPICAL TERM
Topical term or geographic name entry element Reflection
9 (RLIN) 20643
942 ## - ADDED ENTRY ELEMENTS (KOHA)
Koha item type Books
Holdings
Withdrawn status Lost status Damaged status Not for loan Home library Current library Shelving location Date acquired Source of acquisition Cost, normal purchase price Total Checkouts Full call number Barcode Date last seen Date last checked out Cost, replacement price Price effective from Koha item type Purchase Price
        IIA Library-Bangalore IIA Library-Bangalore General Stacks 20/11/2002 EDS 10845.00 1 535.5/ COL 15757 22/05/2023 16/05/2023 10845.00 20/11/2002 Books Rs. 10845.00

Powered by Koha